LEADER 01187nam0 22002651i 450 001 SUN0011852 005 20091123120000.0 100 $a20030128d1981 |0itac50 ba 101 $aita 102 $aIT 105 $a|||| ||||| 200 1 $aˆIl ‰fenomeno associativo nel mondo romano$edai collegi della Repubblica alle corporazioni del basso impero$fFrancesco M. De Robertis 210 $aRoma$cL'erma di Bretschneider$d1981 215 $aXI, 262 p.$d24 cm. 410 1$1001SUN0011800$12001 $aStudia historica$v126$1210 $aRoma$cL'erma di Bretschneider. 606 $aAssociazioni$xDiritto romano$2FI$3SUNC006379 620 $dRoma$3SUNL000360 700 1$aDe Robertis$b, Francesco Maria$3SUNV008847$0187089 712 $aL'erma di Bretschneider$3SUNV000353$4650 801 $aIT$bSOL$c20181109$gRICA 912 $aSUN0011852 950 $aUFFICIO DI BIBLIOTECA DEL DIPARTIMENTO DI GIURISPRUDENZA$d00 CONS XVIII.Elb.5 $e00 22002 995 $aUFFICIO DI BIBLIOTECA DEL DIPARTIMENTO DI GIURISPRUDENZA$h22002$kCONS XVIII.Elb.5$op$qa 996 $aFenomeno associativo nel mondo romano$9521157 997 $aUNICAMPANIA LEADER 03303nam 2200625 450 001 9910461142103321 005 20200520144314.0 010 $a0-8203-4819-8 035 $a(CKB)3710000000462569 035 $a(EBL)2149486 035 $a(SSID)ssj0001533157 035 $a(PQKBManifestationID)12645271 035 $a(PQKBTitleCode)TC0001533157 035 $a(PQKBWorkID)11484038 035 $a(PQKB)10498907 035 $a(MiAaPQ)EBC2149486 035 $a(OCoLC)918892796 035 $a(MdBmJHUP)muse49037 035 $a(Au-PeEL)EBL2149486 035 $a(CaPaEBR)ebr11090669 035 $a(CaONFJC)MIL823215 035 $a(EXLCZ)993710000000462569 100 $a20141113h20152015 uy| 0 101 0 $aeng 135 $aur|||||||nn|n 181 $ctxt 182 $cc 183 $acr 200 00$aRetrofitting sprawl $eaddressing seventy years of failed urban form /$fedited by Emily Talen 210 1$aAthens :$cUniversity of Georgia Press,$d[2015] 210 4$d©2015 215 $a1 online resource (272 p.) 300 $aDescription based upon print version of record. 311 $a0-8203-4545-8 311 $a0-8203-4544-X 320 $aIncludes bibliographical references and index. 327 $aCover; Contents; Introduction. Retrofitting Sprawl; SECTION ONE. EXISTING REALITIES; Chapter 1. From Sprawl to Walkable: How Far Is That?; Chapter 2. Strip Development and How to Read It; Chapter 3. Rezoning Montgomery: People, Politics, and Place; Chapter 4. The Personal Decisions That Govern Sprawl; SECTION TWO. CASE STUDIES; Chapter 5. Urban Design Tactics for Suburban Retrofitting; Chapter 6. Suburban Downtowns; Chapter 7. The Public Sector Steps Up-And Retrofits a Zombie Subdivision; Chapter 8. Walking to the Strip Mall: Retrofitting Informal Pedestrian Paths 327 $aSECTION THREE. IMAGINED POSSIBILITIES Chapter 9. Rethinking Residential On-Street Parking; Chapter 10. Spaces of Indeterminacy: From Thresholds to Ecotones in Retrofitting Sprawl; Chapter 11. Retrofitting the Cul-de-Sac in Suburban Arizona: A Design Proposal; Chapter 12. Occupy Sprawl, One Cul-de-Sac at a Time; Contributors; Index; 330 $aThese twelve previously unpublished essays present innovative and practical ideas for addressing the harmful effects of sprawl. Sprawl is not only an ongoing focus of specialized magazines like Dwell; indeed, Time magazine has cited "recycling the suburbs" as the second of "Ten Ideas Changing the World Right Now." While most conversations on sprawl tend to focus on its restriction, this book presents an overview of current thinking on ways to fix, repair, and retrofit existing sprawl. Chapters by planners, geographers, designers, and architects present research grounded in diverse locales 606 $aUrban renewal$zUnited States 606 $aCities and towns$zUnited States$xGrowth 606 $aCity planning$zUnited States 608 $aElectronic books. 615 0$aUrban renewal 615 0$aCities and towns$xGrowth. 615 0$aCity planning 676 $a307.3/4160973 702 $aTalen$b Emily$f1958- 801 0$bMiAaPQ 801 1$bMiAaPQ 801 2$bMiAaPQ 906 $aBOOK 912 $a9910461142103321 996 $aRetrofitting sprawl$92134206 997 $aUNINA LEADER 02667nas 2200481 n 450 001 990008902130403321 005 20240229084304.0 011 $a0260-1818 035 $a000890213 035 $aFED01000890213 035 $a(Aleph)000890213FED01 035 $a000890213 091 $2CNR$aP 00028965 100 $a20090724a19799999km-y0itaa50------ba 101 0 $aeng 102 $aGB 110 $aauu-------- 200 1 $aAnnual reports on the progress of chemistry. Section A: Inorganic chemistry 207 1$a1979- 210 $aLondon$cRoyal Society of Chemistry 326 $aAnnuale 443 0$1001000890214$12001$aAnnual reports on the progress of chemistry. Section A: Physical and inorganic chemistry 452 0$12001$aAnnual reports on the progress of chemistry. Part A, Inorganic chemistry (Online) 530 0 $aAnnual reports on the progress of chemistry. Section A: Inorganic chemistry 675 $a541.1 675 $a546 676 $a546 801 0$aIT$bACNP$c20090723 859 4 $uhttp://acnp.cib.unibo.it/cgi-ser/start/it/cnr/dc-p1.tcl?catno=19298&person=false&language=ITALIANO&libr=&libr_th=unina1$zBiblioteche che possiedono il periodico 901 $aSE 912 $a990008902130403321 958 $aBiblioteca. Dipartimento di Chimica. Complesso Universitario di Monte S. Angelo.$b1979-1991;$fDCH 958 $aBiblioteca Centrale. Facoltà di Farmacia. Polo delle Scienze e delle Tecnologie per la Vita. Università "Federico II" Napoli$b1985-1988;$d82(1985)-85(1988);$fFFABC 958 $aBiblioteca. Dipartimento di Ingegneria dei Materiali e della Produzione dell'Università Federico II$b1979-1986;$eC$fDINMP 959 $aDCH 959 $aFFABC 959 $aDINMP 996 $aAnnual reports on the progress of chemistry. Section A: Inorganic chemistry$9800765 997 $aUNINA AP1 8 $6866-01$aNA007 Biblioteca. Dipartimento di Chimica. Complesso Universitario di Monte S. Angelo.$evia Cinthia 4, 80126 Napoli (NA)$m081674497-081674488$m081674090$nit AP1 8 $6866-02$aNA074 Biblioteca Centrale. Facoltà di Farmacia. Polo delle Scienze e delle Tecnologie per la Vita. Università "Federico II" Napoli$evia D. Montesano, 49, 80131 Napoli (NA)$m(081)678201/202/204$m(081) 678139$nit AP1 8 $6866-03$aNA105 Biblioteca. Dipartimento di Ingegneria dei Materiali e della Produzione dell'Università Federico II$bC$ep.le Tecchio,80, 80125 Napoli (NA)$m081 7682595$m081 7682595$nit AP2 40$aacnp.cib.unibo.it$nACNP Italian Union Catalogue of Serials$uhttp://acnp.cib.unibo.it/cgi-ser/start/it/cnr/df-p.tcl?catno=19298&language=ITALIANO&libr=&person=&B=1&libr_th=unina&proposto=NO